Sbornik ot zadači po ikonomičeska statistika

Na minha lista:
Detalhes bibliográficos
Formato: Livro
Idioma:búlgaro
Publicado em: Varna Visš institut za narodno stopanstvo "Dimitar Blagoev" 1990
Edição:1. izd.
Tags: Adicionar Tag
Sem tags, seja o primeiro a adicionar uma tag!

MARC

LEADER 00000nam a2200000 4500
001 c027731
005 20250618080732.0
041 0 |a bul 
044 |a BG 
245 1 0 |a Sbornik ot zadači po ikonomičeska statistika  |c Dimitar Stefanov Radilov, Nikolaj Stojanov Stoenčev 
250 |a 1. izd. 
264 1 |a Varna  |b Visš institut za narodno stopanstvo "Dimitar Blagoev"  |c 1990 
300 |a 124 s.